Fiscal management in post-reform India / (Record no. 81201)

MARC details
000 -LEADER
fixed length control field 00613nam a22001937a 4500
005 - DATE AND TIME OF LATEST TRANSACTION
control field 20131217142654.0
010 ## - LCCN (DPL NO)
LC control number ENG-108851
020 ## - INTERNATIONAL STANDARD BOOK NUMBER
International Standard Book Number 9789381176078
Terms of availability 850.00
035 ## - SYSTEM CONTROL NUMBER
System control number EN-92384
037 ## - SOURCE OF ACQUISITION
Source of stock number/acquisition DBAD/PUB
082 ## - DEWEY DECIMAL CLASSIFICATION NUMBER
Classification number 338.0954133
100 ## - MAIN ENTRY--PERSONAL NAME
Personal name Nayak, Durjyodhan
245 ## - TITLE STATEMENT
Title Fiscal management in post-reform India /
Statement of responsibility, etc by Durjyodhan Nayak
260 ## - PUBLICATION, DISTRIBUTION, ETC. (IMPRINT)
Place of publication, distribution, etc New Delhi
Name of publisher, distributor, etc SSDN Publishers and Distributors
Date of publication, distribution, etc 2012
270 ## - ADDRESS
Address 5A, Sahni Mansion, Ansari Road Daryaganj
City New Delhi
Postal code 110002
300 ## - PHYSICAL DESCRIPTION
Extent xxvi,243p.
Dimensions 22cm(Hb)
500 ## - GENERAL NOTE
General note Includes index
942 ## - ADDED ENTRY ELEMENTS (KOHA)
Source of classification or shelving scheme Dewey Decimal Classification
Item type English Books
Call number suffix NAY
Classification part 338.0954133
Holdings
Withdrawn status Lost status Not for loan Collection code Home library Current library Date acquired Source of acquisition Cost, normal purchase price Full call number Barcode Copy number Cost, replacement price Koha item type
    Not For Loan Non-fiction D.B.Act.Division D.B.Act.Division 17/12/2013 DBAD/PUB 850.00 338.0954133 NAY EN-92384 1 850.00 English Books

© Delhi Public Library
Hit Counter
free hit counter